Music Quiz

Random Music or Rap Quiz

R&B/Hip-Hop number 1 hits of 2000-2004 (clips) Part1 Quiz Stats

 Plays Quiz not verified by Sporcle

Challenge
Share
Tweet
Score 0/60 Timer 20:00
0 Plays Today
Time Interval Song % Correct
0:40-0:50Say My Name
91.4%
3:00-3:10Ms. Jackson
77.1%
8:30-8:40Crazy in Love
74.3%
0:50-1:00Maria Maria
68.6%
5:00-5:10Fallin'
65.7%
6:20-6:30Foolish
65.7%
6:40-6:50Hot in Herre
65.7%
6:50-7:00Dilemma
65.7%
8:50-9:00Baby Boy
65.7%
9:40-9:50Yeah!
65.7%
7:10-7:20Work It
62.9%
7:40-7:50In da Club
62.9%
3:10-3:20Independent Women Part I
60%
4:40-4:50U Remind Me
60%
5:30-5:40Family Affair
60%
5:40-5:50U Got It Bad
60%
1:00-1:10He Wasn't Man Enough
54.3%
3:30-3:40Stutter
54.3%
4:00-4:10All for You
54.3%
5:10-5:20Where the Party At
54.3%
5:50-6:00Always on Time
54.3%
8:00-8:10Get Busy
54.3%
6:10-6:20Oops (Oh My)
51.4%
6:30-6:40Oh Boy
51.4%
9:20-9:30You Don't Know My Name
51.4%
1:30-1:40Let's Get Married
45.7%
8:10-8:2021 Questions
45.7%
8:40-8:50Frontin'
45.7%
9:50-10:00If I Ain't Got You
45.7%
1:40-1:50Incomplete
42.9%
Time Interval Song % Correct
5:20-5:30Differences
42.9%
9:00-9:10Stand Up
42.9%
9:30-9:40Slow Jamz
42.9%
0:00-0:10U Know What's Up
40%
0:20-0:30Get It on Tonite
40%
2:00-2:10Wifey
40%
2:30-2:40Bag lady
40%
0:30-0:40Thank God I Found You
37.1%
0:10-0:20Hot Boyz (Remix)
34.3%
1:10-1:20I Wish
34.3%
2:40-2:50I Wish
34.3%
7:00-7:10Luv U Better
34.3%
3:20-3:30Danger (Been So Long)
31.4%
4:50-5:00Loverboy
31.4%
7:30-7:40Miss You
31.4%
7:50-8:00Excuse Me Miss
31.4%
8:20-8:30So Gone
31.4%
1:50-2:00No More
28.6%
2:10-2:20Bounce With Me
28.6%
3:40-3:50It's Over Now
28.6%
4:10-4:20Missing You
28.6%
4:20-4:30My Baby
28.6%
4:30-4:40Fiesta Remix
28.6%
6:00-6:10Lights, Camera, Action!
28.6%
2:50-3:00I Just Wanna Luv U (Give It 2 Me)
25.7%
1:20-1:30Separated
22.9%
3:50-4:00Promise
22.9%
9:10-9:20Step in the Name of Love (Remix)
22.9%
7:20-7:30Love of my Life (An Ode to Hip-Hop)
17.1%
2:20-2:30Liar
11.4%

You're not logged in!

Compare scores with friends on all Sporcle quizzes.
Join for Free
OR
Log In

You Might Also Like...

Show Comments

Extras

Top Quizzes Today


Score Distribution

Your Account Isn't Verified!

In order to create a playlist on Sporcle, you need to verify the email address you used during registration. Go to your Sporcle Settings to finish the process.

Report this User

Report this user for behavior that violates our Community Guidelines.

Details: